[Event "Grenzturnering Mester 2015-16"]
[Site "Tonder"]
[Date "2016.04.25"]
[Round "6"]
[White "Langner, Michel"]
[Black "Falsig, Niels"]
[Result "1/2-1/2"]
[WhiteElo "1823"]
[BlackElo "1879"]
[PlyCount "85"]
[EventDate "2015.??.??"]

1. e4 d5 2. e5 Bf5 3. d4 e6 4. Nf3 c5 5. Bb5+ Nd7 6. O-O a6 7. Bd3 g6 8. Bxf5
gxf5 9. dxc5 Bxc5 10. Nc3 Qc7 11. Bf4 Ne7 12. Re1 O-O-O 13. Na4 Ba7 14. Ng5 Ng6
15. Be3 Bxe3 16. Rxe3 Ndxe5 17. Rc3 Nc6 18. Nc5 Rd6 19. Qe2 d4 20. Ra3 Nb4 21.
Qc4 Rc6 22. Qxb4 Rxc5 23. Qxd4 Rxc2 24. h4 h6 25. Nf3 e5 26. Qa7 Rxb2 27. h5 e4
28. Qa8+ Kd7 29. Rd1+ Ke7 30. Qa7 exf3 31. hxg6 Rb6 32. gxf7 Kxf7 33. Rad3 Kf6
34. Rd7 Qc6 35. R7d6+ Qxd6 36. Rxd6+ Rxd6 37. Qxb7 Rhd8 38. Qh7 Kg5 39. Qe7+
Kh5 40. g3 Rd1+ 41. Kh2 R8d2 42. Qf7+ Kg5 43. Qg7+ 1/2-1/2

[Event "Grenzturnering Mester 2015-16"]
[Site "Flensburg"]
[Date "2016.??.??"]
[Round "6"]
[White "Millgramm, Stephan"]
[Black "Heinemann, Guido"]
[Result "1-0"]
[WhiteElo "1817"]
[BlackElo "1707"]
[PlyCount "107"]
[EventDate "2015.??.??"]

1. e4 d6 2. d4 g6 3. Nf3 Bg7 4. Nc3 e6 5. Bc4 Ne7 6. O-O c6 7. Bf4 b5 8. Bb3
O-O 9. Qd2 a5 10. a4 b4 11. Ne2 c5 12. Bh6 Ba6 13. Bxg7 Kxg7 14. Rad1 c4 15.
Ba2 Nd7 16. c3 b3 17. Bb1 d5 18. Nf4 Nb6 19. Ne5 Qd6 20. Rfe1 dxe4 21. Bxe4
Ned5 22. Bxd5 Nxd5 23. Nxd5 Qxd5 24. Ng4 Qh5 25. Qf4 f6 26. Rxe6 Ra7 27. Rde1
Qg5 28. Qxg5 fxg5 29. Re7+ Rf7 30. Rxa7 Rxa7 31. Re5 Bc8 32. Ne3 Bd7 33. Nxc4
Bxa4 34. Rxa5 Re7 35. Re5 Rxe5 36. Nxe5 Kf6 37. Kf1 Kf5 38. Ke2 g4 39. Ke3 g5
40. c4 h5 41. Nd3 h4 42. Nc5 Bc6 43. d5 Be8 44. Nxb3 Bg6 45. Nd4+ Ke5 46. b4 g3
47. hxg3 hxg3 48. f3 Bb1 49. b5 Ba2 50. Nc6+ Kd6 51. b6 Bxc4 52. b7 Bxd5 53.
b8=Q+ Kxc6 54. Qxg3 1-0

[Event "Grenzturnering Mester 2015-16"]
[Site "Flensburg"]
[Date "2016.03.08"]
[Round "6"]
[White "Palm, Eivind"]
[Black "Isler, Benjamin"]
[Result "1/2-1/2"]
[WhiteElo "1788"]
[BlackElo "1651"]
[PlyCount "88"]
[EventDate "2015.??.??"]

1. c4 c6 2. Nc3 d5 3. d4 e6 4. e3 Nf6 5. Nf3 Bb4 6. Bd2 Nbd7 7. a3 Bd6 8. c5
Bc7 9. b4 O-O 10. Bd3 e5 11. dxe5 Nxe5 12. Nxe5 Bxe5 13. O-O Qc7 14. f4 Bxc3
15. Bxc3 Qe7 16. Bd4 Ne4 17. f5 f6 18. Ra2 g6 19. fxg6 hxg6 20. Bxe4 Qxe4 21.
Rf4 Qe6 22. Raf2 f5 23. Qf3 Rf7 24. Rh4 Kf8 25. Rh8+ Ke7 26. Qg3 Rf8 27. Qh4+
Ke8 28. Rxf8+ Kxf8 29. Qh8+ Qg8 30. Qf6+ Ke8 31. Rf4 Qf7 32. Qh8+ Qf8 33. Rh4
Be6 34. Qxf8+ Kxf8 35. Kf2 a5 36. Be5 axb4 37. axb4 Bg8 38. Rf4 Ke7 39. g4 Ke6
40. Bd6 Ra2+ 41. Kg3 Re2 42. gxf5+ gxf5 43. Rf3 Rb2 44. Rf4 Re2 1/2-1/2

[Event "Grenzturnering Mester 2015-16"]
[Site "Tonder"]
[Date "2016.04.04"]
[Round "7"]
[White "Christiansen, Nahmen"]
[Black "Falsig, Niels"]
[Result "1/2-1/2"]
[WhiteElo "1710"]
[BlackElo "1879"]
[PlyCount "81"]
[EventDate "2015.??.??"]

1. e4 c5 2. Nf3 Nc6 3. d4 cxd4 4. Nxd4 e5 5. Nb3 Nf6 6. Bd3 d5 7. exd5 Nxd5 8.
Bd2 Bd6 9. Nc3 Be6 10. Be4 Nde7 11. Qe2 O-O 12. O-O a6 13. Rad1 Qc7 14. Bxc6
Nxc6 15. Ne4 f5 16. Nxd6 Qxd6 17. Bc3 Qc7 18. Rd2 Rad8 19. Rxd8 Rxd8 20. Re1 b5
21. Rd1 Bc4 22. Rxd8+ Qxd8 23. Qd2 Qe7 24. Qd1 b4 25. Be1 a5 26. Nc1 e4 27. c3
Qe6 28. cxb4 axb4 29. a3 bxa3 30. bxa3 h6 31. Qd2 Ne5 32. Qd8+ Kh7 33. Bc3 Nd7
34. Bd2 Bb5 35. Qa5 Qc4 36. h3 Qf1+ 37. Kh2 Ne5 38. a4 Nf3+ 39. Kg3 Nxd2 40.
Qxb5 f4+ 41. Kxf4 1/2-1/2

[Event "Grenzturnering Mester 2015-16"]
[Site "Tonder"]
[Date "2016.04.04"]
[Round "7"]
[White "Gutschenreiter, Donato"]
[Black "Heinemann, Guido"]
[Result "0-1"]
[WhiteElo "1603"]
[BlackElo "1707"]
[PlyCount "76"]
[EventDate "2015.??.??"]

1. c4 e6 2. g3 Nf6 3. Bg2 Nc6 4. e3 Be7 5. Nc3 O-O 6. Nge2 Ne5 7. d3 c6 8. O-O
d5 9. cxd5 exd5 10. f4 Ned7 11. a3 Nb6 12. b4 Bg4 13. h3 Bxe2 14. Qxe2 d4 15.
Ne4 dxe3 16. Bxe3 Nxe4 17. dxe4 Qc8 18. Rad1 Qe6 19. e5 Rfd8 20. Bxb6 axb6 21.
f5 Qb3 22. Rxd8+ Rxd8 23. f6 Bf8 24. Kh2 Qd3 25. Qg4 Qg6 26. Qh4 Rd2 27. Kh1
Re2 28. Rf4 Qb1+ 29. Rf1 Qc2 30. fxg7 Bxg7 31. Qd8+ Bf8 32. Qe8 Qg6 33. Rf6
Qxf6 34. Qxf8+ Kxf8 35. exf6 Re3 36. g4 Rxa3 37. Be4 Rxh3+ 38. Kg2 Rb3 0-1

[Event "Grenzturnering Mester 2015-16"]
[Site "Tonder"]
[Date "2016.04.04"]
[Round "7"]
[White "Hansen, Hans Valdemar"]
[Black "Karstensen, Christian"]
[Result "1/2-1/2"]
[WhiteElo "1812"]
[BlackElo "1860"]
[PlyCount "94"]
[EventDate "2015.??.??"]

1. e4 e6 2. d4 d5 3. exd5 exd5 4. Nf3 Nf6 5. Bd3 c5 6. O-O Nc6 7. Re1+ Be7 8.
dxc5 O-O 9. Be3 Bg4 10. c3 a5 11. h3 Bh5 12. Be2 a4 13. Nd4 Bxe2 14. Qxe2 Re8
15. Qb5 Qc7 16. Qb6 Qd7 17. b4 Nxd4 18. Bxd4 Ne4 19. Na3 Qf5 20. Qb5 Kf8 21.
Qd3 Bh4 22. Rf1 Ra6 23. f3 Ng3 24. Qxf5 Nxf5 25. Bf2 Re2 26. Bxh4 Nxh4 27. Rf2
Rae6 28. Rd1 Re1+ 29. Rxe1 Rxe1+ 30. Kh2 Rc1 31. Nb5 Nf5 32. Re2 g6 33. g4 Ne7
34. a3 h6 35. h4 f5 36. Kg3 fxg4 37. fxg4 Rg1+ 38. Rg2 Rd1 39. Rf2+ Kg8 40. Nd6
Ra1 41. Re2 Kf8 42. Rf2+ Kg8 43. Rf7 Nc6 44. Rxb7 Rxa3 45. Nb5 Rb3 46. Rc7 Nxb4
47. Kf4 Na6 1/2-1/2

[Event "Grenzturnering Mester 2015-16"]
[Site "Tonder"]
[Date "2016.04.04"]
[Round "7"]
[White "Martens, Holger"]
[Black "Langner, Michel"]
[Result "0-1"]
[WhiteElo "1787"]
[BlackElo "1823"]
[PlyCount "44"]
[EventDate "2015.??.??"]

1. d4 d5 2. Nf3 Bf5 3. Bf4 e6 4. e3 Nf6 5. Bd3 g6 6. Bxf5 gxf5 7. Nbd2 h5 8. c4
Nbd7 9. Qb3 Qc8 10. Ne5 dxc4 11. Ndxc4 Nd5 12. Nxd7 Bb4+ 13. Kd1 Qxd7 14. a3
Be7 15. Qxb7 O-O 16. Ne5 Qa4+ 17. b3 Qa5 18. Nc6 Qc3 19. Nxe7+ Nxe7 20. Ke2
Qc2+ 21. Kf3 Nd5 22. b4 h4 0-1

[Event "Grenzturnering Mester 2015-16"]
[Site "Tonder"]
[Date "2016.04.04"]
[Round "7"]
[White "Palm, Eivind"]
[Black "Millgramm, Stephan"]
[Result "1/2-1/2"]
[WhiteElo "1788"]
[BlackElo "1817"]
[PlyCount "80"]
[EventDate "2015.??.??"]

1. Nf3 c5 2. c4 Nc6 3. Nc3 g6 4. g3 Bg7 5. Bg2 d6 6. O-O Bg4 7. a3 Qd7 8. Rb1
a5 9. Nd5 Rb8 10. b4 axb4 11. axb4 e6 12. Nb6 Qc7 13. bxc5 dxc5 14. Ba3 Bf8 15.
h3 Bxf3 16. Bxf3 Bd6 17. Qa4 Nge7 18. d4 cxd4 19. c5 Be5 20. Nc4 O-O 21. Nxe5
Qxe5 22. Qc4 Rfd8 23. Bc1 Qf5 24. Bf4 e5 25. Bg4 Qe4 26. Bg5 Qd5 27. Qc1 e4 28.
Bf6 Nf5 29. Bxd8 Nxd8 30. Bxf5 Qxf5 31. Qc4 Nc6 32. Kg2 Qd7 33. Rfd1 Kg7 34. e3
d3 35. Qxe4 d2 36. Rb2 f5 37. Qc4 Ne5 38. Qc3 Qd5+ 39. Kf1 Qh1+ 40. Ke2 Qf3+
1/2-1/2

[Event "Grenzturnering Mester 2015-16"]
[Site "Flensburg"]
[Date "2016.05.06"]
[Round "8"]
[White "Christiansen, Nahmen"]
[Black "Martens, Holger"]
[Result "1-0"]
[WhiteElo "1710"]
[BlackElo "1787"]
[PlyCount "87"]
[EventDate "2015.??.??"]

1. e4 c5 2. Nf3 e6 3. d4 cxd4 4. Nxd4 Bc5 5. Nb3 Bb6 6. Nc3 Ne7 7. Bc4 Qc7 8.
Nb5 Qd8 9. Nd6+ Kf8 10. Qf3 f6 11. e5 f5 12. Bg5 Nbc6 13. Qe2 h6 14. Bd2 Bc7
15. O-O-O a6 16. a4 Bxd6 17. exd6 Ng8 18. g4 fxg4 19. Qxg4 Ne5 20. Qe2 Nxc4 21.
Qxc4 Nf6 22. Rhg1 b5 23. axb5 Qb6 24. bxa6 Bxa6 25. Qf4 Bb7 26. Bc3 Qd8 27. Rg6
Kf7 28. Rdg1 Rh7 29. Bxf6 gxf6 30. Rxh6 Rxh6 31. Qxh6 Qh8 32. Qg6+ Kf8 33. Kd2
Ra6 34. Qg3 Qh6+ 35. Ke1 Qh7 36. h4 Ra4 37. h5 Re4+ 38. Kd2 Qh6+ 39. Kc3 Qh8
40. h6 Re5 41. Qf4 Rf5 42. Qc4 Rxf2 43. Qc7 Rf3+ 44. Kb4 1-0

[Event "Grenzturnering Mester 2015-16"]
[Site "Flensburg"]
[Date "2016.05.03"]
[Round "8"]
[White "Isler, Benjamin"]
[Black "Heinemann, Guido"]
[Result "1-0"]
[WhiteElo "1651"]
[BlackElo "1707"]
[PlyCount "43"]
[EventDate "2015.??.??"]

1. e4 e5 2. Nf3 Nc6 3. Bc4 Nf6 4. d4 exd4 5. O-O Bc5 6. e5 d5 7. exf6 dxc4 8.
Re1+ Be6 9. Ng5 Qxf6 10. Nxe6 fxe6 11. Qh5+ Kd7 12. Qxc5 Rhf8 13. f3 Rae8 14.
Qxc4 Kc8 15. Nd2 g5 16. Ne4 Qg7 17. Bxg5 Rf5 18. Bh4 Kb8 19. Bg3 h5 20. Nc5 e5
21. Qb5 Nd8 22. Qxe8 1-0

[Event "Grenzturnering Mester 2015-16"]
[Site "Oster Hojst"]
[Date "2016.05.03"]
[Round "8"]
[White "Karstensen, Christian"]
[Black "Palm, Eivind"]
[Result "1-0"]
[WhiteElo "1860"]
[BlackElo "1788"]
[PlyCount "51"]
[EventDate "2015.??.??"]

1. e4 e6 2. d4 d5 3. Nc3 dxe4 4. Nxe4 Nf6 5. Nxf6+ Qxf6 6. Nf3 h6 7. Bd3 Bd6 8.
Be3 Bd7 9. Qd2 Bc6 10. O-O-O Nd7 11. Kb1 b5 12. Rhe1 a5 13. d5 Bxd5 14. Bxb5 c6
15. Bxc6 Bb4 16. Qxd5 exd5 17. Bd4+ Bxe1 18. Rxe1+ Qe6 19. Rxe6+ fxe6 20. Bxa8
Nf6 21. Bc6+ Kf7 22. Ne5+ Kg8 23. Bc3 Kh7 24. Bxa5 Rc8 25. b4 Ng4 26. Bd7 1-0

[Event "Grenzturnering Mester 2015-16"]
[Site "Oster Hojst"]
[Date "2016.05.03"]
[Round "8"]
[White "Millgramm, Stephan"]
[Black "Hansen, Hans Valdemar"]
[Result "1-0"]
[WhiteElo "1817"]
[BlackElo "1812"]
[PlyCount "119"]
[EventDate "2015.??.??"]

1. e4 g6 2. d4 e6 3. Nf3 c5 4. Nc3 a6 5. a4 b6 6. Bc4 Bb7 7. d5 Bg7 8. e5 Ne7
9. Bg5 h6 10. Bh4 g5 11. Bg3 Nf5 12. Qe2 h5 13. h4 g4 14. Ng5 Nd4 15. Qd3 Qc7
16. O-O-O Bxe5 17. Bxe5 Qxe5 18. dxe6 d5 19. exf7+ Kd8 20. Ba2 Nd7 21. Rhe1
Qf4+ 22. Qe3 Qf5 23. Rxd4 cxd4 24. Qxd4 Qf6 25. Ne6+ Ke7 26. Nc7+ Kxf7 27.
Bxd5+ Kg7 28. Qxf6+ Nxf6 29. Bxb7 Ra7 30. Ne6+ Kh6 31. Be4 Re8 32. Ng5 b5 33.
axb5 axb5 34. Re3 Ra1+ 35. Kd2 Rd8+ 36. Ke2 Ra7 37. Nd5 Nd7 38. Bd3 Raa8 39.
Re7 Re8 40. Rxe8 Rxe8+ 41. Kf1 Rb8 42. b4 Ne5 43. Ke2 Nc6 44. c3 Ne5 45. Ke3
Rd8 46. Nf4 Rc8 47. Bxb5 g3 48. fxg3 Ng4+ 49. Kd4 Rd8+ 50. Nd5 Rf8 51. Bd7 Nf2
52. Nf4 Nh1 53. Ne4 Rd8 54. Nc5 Nxg3 55. b5 Nf5+ 56. Ke5 Nxh4 57. b6 Ng6+ 58.
Nxg6 Kxg6 59. b7 Kf7 60. Bc8 1-0

[Event "Grenzturnering Mester 2015-16"]
[Site "Tonder"]
[Date "2016.05.23"]
[Round "9"]
[White "Heinemann, Guido"]
[Black "Christiansen, Nahmen"]
[Result "1/2-1/2"]
[WhiteElo "1707"]
[BlackElo "1710"]
[PlyCount "148"]
[EventDate "2015.??.??"]

1. e4 c5 2. c3 d5 3. exd5 Qxd5 4. Qf3 Nf6 5. Bb5+ Bd7 6. c4 Qe4+ 7. Qxe4 Nxe4
8. d3 Bxb5 9. cxb5 Nd6 10. Nc3 e6 11. Bf4 Nd7 12. Nf3 Be7 13. Rd1 Rd8 14. d4
cxd4 15. Bxd6 dxc3 16. Bxe7 Kxe7 17. bxc3 Nb6 18. O-O Rc8 19. Rd3 Rc5 20. a4
Nxa4 21. Ra1 Nxc3 22. Rxa7 Rb8 23. Ra1 Nxb5 24. Rad1 Rc7 25. Ne5 Rbc8 26. h4
Rc1 27. Rd7+ Kf6 28. Ng4+ Kg6 29. Ne5+ Kf6 30. Ng4+ Kg6 31. Ne5+ Kh5 32. Nxf7
Rxd1+ 33. Rxd1 Rc7 34. Ng5 Re7 35. g3 h6 36. Nf3 Nc3 37. Re1 Kg6 38. Re5 Nd5
39. Nd4 Kf6 40. f4 Nb4 41. Rb5 Nd5 42. Kf2 Nc3 43. Rb6 Nd5 44. Rd6 Nc3 45. Kf3
Kf7 46. g4 Na4 47. Nb5 Nc5 48. Rd8 Rd7 49. Rxd7+ Nxd7 50. Nd6+ Ke7 51. Nxb7 Nf6
52. Na5 Kd6 53. Nc4+ Ke7 54. Ne5 Nd5 55. g5 hxg5 56. fxg5 Kd6 57. Nc4+ Kc5 58.
Nb2 Ne7 59. Ke4 Kd6 60. Nc4+ Kd7 61. Ne5+ Kd6 62. Nf7+ Kd7 63. h5 Nf5 64. Ke5
Ke7 65. g6 Ng3 66. h6 gxh6 67. Nxh6 Nh5 68. Ng4 Ng7 69. Ne3 Nh5 70. Nc2 Nf6 71.
Kf4 Nh5+ 72. Kg5 Ng7 73. Nd4 e5 74. Ne2 e4 1/2-1/2

[Event "Grenzturnering Mester 2015-16"]
[Site "Tonder"]
[Date "2016.05.23"]
[Round "9"]
[White "Isler, Benjamin"]
[Black "Karstensen, Christian"]
[Result "1/2-1/2"]
[WhiteElo "1651"]
[BlackElo "1860"]
[PlyCount "35"]
[EventDate "2015.??.??"]

1. e4 e6 2. d4 d5 3. Nd2 c5 4. exd5 exd5 5. Ngf3 Nf6 6. dxc5 Bxc5 7. Nb3 O-O 8.
Nxc5 Qa5+ 9. c3 Qxc5 10. Be3 Qd6 11. h3 Re8 12. Bd3 Nc6 13. Qc2 d4 14. O-O-O
Be6 15. Nxd4 Nb4 16. Nxe6 Qxe6 17. Qa4 Nxd3+ 18. Rxd3 1/2-1/2

[Event "Grenzturnering Mester 2015-16"]
[Site "Tonder"]
[Date "2016.05.23"]
[Round "9"]
[White "Langner, Michel"]
[Black "Millgramm, Stephan"]
[Result "0-1"]
[WhiteElo "1823"]
[BlackElo "1817"]
[PlyCount "96"]
[EventDate "2015.??.??"]

1. e4 e6 2. d4 d5 3. e5 c5 4. Nf3 cxd4 5. Bd3 Nc6 6. O-O Be7 7. a3 f5 8. b4 a6
9. h3 b5 10. Re1 h5 11. Nbd2 g5 12. Nb3 g4 13. Nfxd4 Nxd4 14. Nxd4 gxh3 15. Nc6
Qd7 16. Nxe7 Qxe7 17. gxh3 Bb7 18. a4 Qh4 19. Qf3 Ne7 20. Bf4 O-O-O 21. Kf1
Rdg8 22. Qe3 Nc6 23. Bg3 Qxh3+ 24. Ke2 Qg4+ 25. Kd2 h4 26. Bh2 Qxb4+ 27. c3 d4
28. cxb4 dxe3+ 29. Kxe3 Nxb4 30. Bb1 Rg2 31. Bg1 h3 32. axb5 h2 33. Bxh2 Rhxh2
34. bxa6 Rh3+ 35. Kd4 Rg4+ 36. Kc5 Nxa6+ 37. Kd6 Nc7 38. Rd1 Rg7 39. Ba2 Rd7+
40. Kc5 Rc3+ 41. Kb4 Rcd3 42. Rxd3 Rxd3 43. Rc1 Kd7 44. Kc5 Nd5 45. Rg1 Rc3+
46. Kd4 Rc2 47. Rg7+ Kc8 48. Rg6 Rxa2 0-1

[Event "Grenzturnering Mester 2015-16"]
[Site "Tonder"]
[Date "2016.05.23"]
[Round "9"]
[White "Palm, Eivind"]
[Black "Falsig, Niels"]
[Result "1/2-1/2"]
[WhiteElo "1788"]
[BlackElo "1879"]
[PlyCount "102"]
[EventDate "2015.??.??"]

1. c4 c5 2. Nc3 Nc6 3. g3 Nf6 4. Bg2 g6 5. Nf3 Bg7 6. d4 cxd4 7. Nxd4 O-O 8.
O-O Re8 9. a3 e5 10. Ndb5 Bf8 11. b4 a6 12. Nd6 Bxd6 13. Qxd6 Re6 14. Qd3 Nd4
15. Rb1 Rb8 16. Bg5 h6 17. Bxh6 Ne8 18. Bd5 Rd6 19. Ne4 Rxd5 20. cxd5 d6 21.
Bg5 Qb6 22. Be3 Bf5 23. Bxd4 exd4 24. Rbd1 Bxe4 25. Qxe4 Nf6 26. Qxd4 Qd8 27.
Rc1 Kg7 28. Rc3 Qd7 29. Rf3 Qe7 30. h4 Rh8 31. Rc1 Rh5 32. e4 Re5 33. Rxf6 Qxf6
34. f4 Re7 35. Qxf6+ Kxf6 36. Rc4 b5 37. Rd4 Rc7 38. Rd3 Rc2 39. e5+ Ke7 40.
Kf1 Kd7 41. Ke1 Rg2 42. Rc3 Ra2 43. Rc6 dxe5 44. fxe5 Rxa3 45. e6+ fxe6 46.
Rxe6 Rxg3 47. Rxa6 Rg4 48. Ke2 Rxh4 49. Rxg6 Rxb4 50. Kd3 Rh4 51. Rb6 b4
1/2-1/2